| 000 | 00353nam a2200145Ia 4500 | ||
|---|---|---|---|
| 008 | 230917s9999||||xx |||||||||||||| ||und|| | ||
| 040 |
_e107979 _aMAIN |
||
| 041 | _aEnglish | ||
| 082 | _a658.8 I2D | ||
| 100 | _aICFAI | ||
| 245 | 0 | _aDigital marketing: concepts and experiences | |
| 260 |
_aHyderabad _bICFAI _c2003 |
||
| 300 | _a176p p. | ||
| 942 | _cBK | ||
| 999 |
_c123132 _d123132 |
||